LEADER 02294nam a2200313 i 4500 001 000000173159 003 CaOOAMICUS 005 20251021100022.0 008 080708s1562 it u000 u lat u 026 $ai-ra rame m-st gede (3) 1562 (R)$avol. 9 040 $aSeMil$bita 100 0 $aAverroes,$d<1126-1198>.$0(OLS)http://semarc/name/28573 240 10$aTah?fut al-tah?fut.$0(OLS)http://semarc/title/454473 245 10$aNonum volumen. Auerrois Cordubensis Sermo de substantia orbis. Destructio destructionum philosophiae Algazelis. De animae beatitudine, seu epistola de intellectu. ... M. Antonij Zimarae in sermonem de substantia orbis contradictionum solutiones. 246 0 $iTitolo del vol. X$aDecimum volumen. Auerrois Cordubensis Colliget libri 7. Cantica item Auicennae cum eiusdem Auerrois commentariis, M.A. Zimarae contradictionum solutiones, ... 260 $aVenezia :$bapud hear Lucaeantonii Juntae,$c1562. 300 $a12,5 x 18 ;$cvol. 1 con due tomi ;$ccc. I, 160 ;$cII, 316 ;$crom. 500 $aDescrizione da: Incunaboli e Cinquecentine della Biblioteca del Seminario di Milano / catalogo a cura di Ubaldo Valentini, Milano 1981. - Numero di catalogo : 125. 500 $aIn cornice figurata, giglio fiorentino. Ai lati le iniziali LA. (U30) in fine 500 $aSi tratta del IX e X volume delle Opere di Aristotele con commento di Averroè 500 $aManca il marchio tipografico perchè è stato ritagliato, è stata tagliata anche la carta 2 850 $aSeMil 852 $aSeMil$W1$xVenegono$y1$mFV.A I 56$j124006$B124006$CSeMilBibl$Z2$F135145 $86 900 1 $aAverroè. 996 $6246$aDecimum volumen. Auerrois Cordubensis Colliget libri 7. Cantica item Auicennae cum eiusdem Auerrois commentariis, M.A. Zimarae contradictionum solutiones, ...$9(OLS)http://semarc/title/456244 996 $6245$aNonum volumen. Auerrois Cordubensis Sermo de substantia orbis. Destructio destructionum philosophiae Algazelis. De animae beatitudine, seu epistola de intellectu. ... M. Antonij Zimarae in sermonem de substantia orbis contradictionum solutiones$9(OLS)http://semarc/title/456243 996 $6260$aVenezia :$bapud hear Lucaeantonii Juntae$9(OLS)http://semarc/publisher/49183 LEADER 01114nam a2200205 4500 001 000000351319 003 CaOOAMICUS 005 20220823143214.0 008 220823s1940 it 000 u ita r 040 $aSeMil$bita 100 1 $aCavigioli, Giovanni.$0(OLS)http://semarc/name/19369 245 10$aVita di S. Agabio, secondo vescovo e compatrono di Novara :$bscritta per le celebrazioni giubilari dell'anno 1940, dal sac. Giovanni Cavigioli canonico della Cattedrale di Novara. 264 1$aNovara :$bTipografia S. Gaudenzio,$c1940. 300 $a62 p.,$b[2] p. di tav. ;$c19 cm 650 4$aNovara (Diocesi) - Storia - Vescovi.$0(OLS)http://semarc/subject/43797 850 $aSeMil 852 $aSeMil$W1$xVenegono$y1$m5B III 5/2$j234000$B242386$CSeMilBibl$Z2$F242386 $81 996 $6245$aVita di S. Agabio, secondo vescovo e compatrono di Novara :$bscritta per le celebrazioni giubilari dell'anno 1940, dal sac. Giovanni Cavigioli canonico della Cattedrale di Novara$9(OLS)http://semarc/title/441090 996 $6264$aNovara :$bTipografia S. Gaudenzio$9(OLS)http://semarc/publisher/60600